| 000 -ლიდერი |
| ფიქსირებული სიგრძის საკონტროლო ველი |
01202nam a2200277Ia 4500 |
| 001 - საკონტროლო ნომერი |
| საკონტროლო ველი |
18380 |
| 003 - საკონტროლო ნომრის იდენტიფიკატორი |
| საკონტროლო ველი |
GE_BSU |
| 005 - ბოლო ოპერაციის თარიღი და დრო |
| საკონტროლო ველი |
20251225195652.0 |
| 008 - ფიქსირებული სიგრძის მონაცემთა ელემენტები - ზოგადი ინფორმაცია |
| ფიქსირებული სიგრძის საკონტროლო ველი |
181216s2012||||ge |||||||||||||| ||geo|| |
| 020 ## - წიგნის საერთაშორისო სტანდარტული ნომერი |
| International Standard Book Number |
9789941439124 |
| 040 ## - კატალოგიზაციის წყარო |
| Transcribing agency |
GE_BSU |
| 041 ## - ენის კოდი |
| Language code of text/sound track or separate title |
geo |
| 080 ## - უნივერსალური ათობითი კლასიფიკაციის ინდექსი |
| Universal Decimal Classification number |
51(072.3) მ-15 |
| 245 ## - ცნობა სათაურის შესახებ |
| Title |
მათემატიკა : |
| Remainder of title |
XI კლასი. მასწავლებლის წიგნი / |
| Statement of responsibility, etc |
გ. გოგიშვილი, თ. ვეფხვაძე, ი. მებონია, ლ. ქურჩიშვილი; რედ. თ. ვეფხვაძე. |
| 264 ## - წარმოების, გამოცემის, დისტრიბუციის და სხვა ცნობები |
| გამოცემის, წარმოების, დისტრიბუციის... ადგილი |
თბილისი : |
| გამოცემის, წარმოების, დისტრიბუციის... სახელწოდება |
ინტელექტი, |
| გამოცემის, წარმოების, დისტრიბუციის... თარიღი |
2012. |
| 300 ## - ფიზიკური აღწერა |
| Extent |
215 გვ.; |
| Other physical details |
29 გვ. |
| 504 ## - BIBLIOGRAPHY, ETC. NOTE |
| Bibliography, etc |
ბიბლ.გვ.214 |
| 653 ## - INDEX TERM--UNCONTROLLED |
| Uncontrolled term |
მათემატიკა |
| 653 ## - INDEX TERM--UNCONTROLLED |
| Uncontrolled term |
მასწავლებლის წიგნი |
| 700 ## - ADDED ENTRY--PERSONAL NAME |
| Personal name |
გოგიშვილი, გ. |
| Relator term |
ავტორი |
| 9 (RLIN) |
26601 |
| 700 ## - ADDED ENTRY--PERSONAL NAME |
| Personal name |
ვეფხვაძე, თ. |
| Relator term |
ავტორი |
| 9 (RLIN) |
26602 |
| 700 ## - ADDED ENTRY--PERSONAL NAME |
| Personal name |
მებონია, ი. |
| Relator term |
ავტორი |
| 9 (RLIN) |
26603 |
| 700 ## - ADDED ENTRY--PERSONAL NAME |
| Personal name |
ქურჩიშვილი, ლ. |
| Relator term |
ავტორი |
| 9 (RLIN) |
26604 |
| 942 ## - ADDED ENTRY ELEMENTS (KOHA) |
| Koha item type |
წიგნი |
| Source of classification or shelving scheme |
|